Most Common Five-Letter Words on the NYT Crossword - Statistics

General Stats
  • This quiz has been taken 396 times
  • The average score is 9 of 20
Answer Stats
Hint Word % Correct
Extraterrestrial Alien
91%
Single-handedly Alone
76%
Internet message Email
68%
Spooky Eerie
59%
Computer command Enter
55%
Pong maker Atari
52%
Wipe out Erase
52%
"Sesame Street" regular Ernie
51%
Furious Irate
51%
Fill with joy Elate
43%
Singer Cara Irene
39%
Idolize Adore
34%
Speechify Orate
34%
Cream of the crop Elite
31%
Make amends Atone
29%
Stood Arose
25%
Nonsensical Inane
25%
Where the action is Arena
20%
"La Boh" Opera
18%
Befuddled (two words) At sea
12%
No matching quizzes found
Score Distribution
Percent of People with Each Score
Percentile by Number Answered
Your Score History
You have not taken this quiz